000
00241nam a2200097Ia 4500
008
240625s9999 xx 000 0 und d
041
_a
eng
082
_a
808.20 MAT
100
_a
MATHUR ROHIT
245
_a
ANALYSIS OF THE PROCESS OF IPO AT CHOICE
999
_c
36515
_d
36515